[Event "Chicago Open"]
[Site "Wheeling, IL"]
[Date "2012.05.25"]
[Round "2"]
[White "Holt, Conrad"]
[Black "Homa, Seth"]
[Result "1/2-1/2"]
[WhiteElo "2515"]
[BlackElo "2303"]
[PlyCount "173"]
[EventDate "2012.05.??"]
[EventType "swiss"]
[EventRounds "9"]
[EventCountry "USA"]
[Source "MonRoi"]

1. d4 Nf6 2. c4 e6 3. Nc3 Bb4 4. Qc2 d5 5. cxd5 exd5 6. Bg5 c5 7. dxc5 h6 8.
Bh4 g5 9. Bg3 Ne4 10. e3 Qa5 11. Nge2 Bf5 12. Bxb8 Rxb8 13. Nd4 Bd7 14. Bd3 Ba4
15. Nb3 Bxc3+ 16. bxc3 Qxc3+ 17. Qxc3 Nxc3 18. Kd2 Ne4+ 19. Bxe4 dxe4 20. Nd4
Bd7 21. a4 Ke7 22. a5 Rbc8 23. Rhc1 a6 24. Rc4 Rc7 25. Kc3 Rhc8 26. Kb4 h5 27.
Rac1 h4 28. Ne2 Bc6 29. Nc3 f5 30. Rd1 Rd8 31. Rcd4 Rcd7 32. Kc4 Ke6 33. Rxd7
Rxd7 34. Rxd7 Kxd7 35. Kd4 Ke6 36. g4 Kf6 37. Nd5+ Ke6 38. Nc3 Kf6 39. Nd5+ Ke6
40. gxf5+ Kxf5 41. Ne7+ Kg4 42. Nxc6 bxc6 43. Kxe4 Kh3 44. f4 g4 45. f5 Kxh2
46. f6 g3 47. f7 g2 48. f8=Q g1=Q 49. Qd6+ Qg3 50. Kf5 h3 51. Ke6 Kg2 52. Qxc6+
Qf3 53. Qxf3+ Kxf3 54. c6 h2 55. c7 h1=Q 56. Kd7 Qh3+ 57. Kd8 Qh8+ 58. Kd7 Qh7+
59. Kc8 Kxe3 60. Kb8 Qb1+ 61. Ka7 Qc2 62. Kb7 Qe4+ 63. Kb8 Qb4+ 64. Ka7 Qc5+
65. Kb7 Qd5+ 66. Ka7 Qc6 67. Kb8 Qb5+ 68. Ka7 Qc5+ 69. Kb7 Qxa5 70. c8=Q Qb5+
71. Ka7 a5 72. Qc3+ Ke4 73. Qe1+ Kd5 74. Qd2+ Kc6 75. Qh6+ Kc7 76. Qf4+ Kd8 77.
Qf6+ Kd7 78. Qf7+ Kc8 79. Qf8+ Kc7 80. Qf4+ Kc6 81. Qf6+ Kc5 82. Qe5+ Kc4 83.
Qe2+ Kb4 84. Qb2+ Kc5 85. Qe5+ Kc6 86. Qe8+ Kc5 87. Qe5+ 1/2-1/2

[Event "Chicago Open"]
[Site "Wheeling, IL"]
[Date "2012.05.25"]
[Round "2"]
[White "Yang, Darwin"]
[Black "Magness, Trevor"]
[Result "1-0"]
[WhiteElo "2476"]
[BlackElo "2163"]
[PlyCount "57"]
[EventDate "2012.05.??"]
[EventType "swiss"]
[EventRounds "9"]
[EventCountry "USA"]
[Source "MonRoi"]

1. d4 Nf6 2. c4 e6 3. Nc3 Bb4 4. e3 O-O 5. Nge2 d5 6. a3 Be7 7. cxd5 exd5 8.
Nf4 c6 9. Bd3 Nbd7 10. O-O Re8 11. f3 Nf8 12. Bc2 Ne6 13. Nxe6 Bxe6 14. b4 a5
15. Rb1 axb4 16. axb4 b6 17. e4 c5 18. e5 Nd7 19. f4 cxb4 20. f5 bxc3 21. fxe6
fxe6 22. Qh5 Nf8 23. Rxf8+ Kxf8 24. Bh6 Bf6 25. Rf1 Ke7 26. Bxg7 Kd7 27. exf6
Ra2 28. Qxh7 Kc6 29. f7 1-0

[Event "Chicago Open"]
[Site "Wheeling, IL"]
[Date "2012.05.25"]
[Round "3"]
[White "Shetty, Atulya"]
[Black "Holt, Conrad"]
[Result "1-0"]
[WhiteElo "2219"]
[BlackElo "2515"]
[PlyCount "97"]
[EventDate "2012.05.??"]
[EventType "swiss"]
[EventRounds "9"]
[EventCountry "USA"]
[Source "MonRoi"]

1. c4 c6 2. Nf3 d5 3. g3 Bg4 4. Bg2 Nd7 5. cxd5 cxd5 6. Qa4 Ngf6 7. Nc3 e6 8.
Ne5 Bh5 9. g4 Bg6 10. h4 Bd6 11. d4 h5 12. Nxg6 fxg6 13. g5 Ng8 14. e4 Ne7 15.
Bh3 Kf7 16. exd5 Nf8 17. dxe6+ Nxe6 18. Qb3 Qc8 19. d5 Nd4 20. Bxc8 Raxc8 21.
Qd1 Nef5 22. Be3 Rhe8 23. O-O Rc4 24. Bxd4 Rxd4 25. Nb5 Rxd1 26. Nxd6+ Nxd6 27.
Raxd1 Rd8 28. Rfe1 Rd7 29. Rd3 Nf5 30. Re4 Nd6 31. Re5 Nf5 32. Rf3 Rd6 33. Kf1
Kg8 34. Ke1 Kf7 35. Kd2 Ra6 36. a3 Rb6 37. b4 a5 38. Kc3 axb4+ 39. axb4 Ra6 40.
Kc4 Ra1 41. Kc5 Rh1 42. d6 Rd1 43. Rd5 Rc1+ 44. Kb6 Ke8 45. Rc5 Rd1 46. Kc7 b5
47. Re5+ Kf7 48. Rfxf5+ gxf5 49. d7 1-0

[Event "Chicago Open"]
[Site "Wheeling, IL"]
[Date "2012.05.26"]
[Round "4"]
[White "Yang, Darwin"]
[Black "Kacheishvili, Giorgi"]
[Result "1/2-1/2"]
[WhiteElo "2476"]
[BlackElo "2598"]
[PlyCount "72"]
[EventDate "2012.05.??"]
[EventType "swiss"]
[EventRounds "9"]
[EventCountry "USA"]
[Source "MonRoi"]

1. d4 Nf6 2. c4 e6 3. Nc3 Bb4 4. e3 b6 5. Nge2 c5 6. a3 Ba5 7. Rb1 Na6 8. g3
Bb7 9. d5 b5 10. Bg2 bxc4 11. O-O O-O 12. e4 d6 13. Qa4 exd5 14. Nxd5 Nxd5 15.
exd5 Re8 16. Nc3 Bb6 17. Bf4 Nc7 18. Rfe1 Rxe1+ 19. Rxe1 f5 20. h4 h6 21. Bh3
Kh8 22. Bxf5 Nxd5 23. Bxd6 Nf6 24. Be7 Qe8 25. Qxe8+ Rxe8 26. Bg6 Rb8 27. Bxf6
gxf6 28. Re8+ Rxe8 29. Bxe8 Bf3 30. Bf7 Bc7 31. Bxc4 Be5 32. Kf1 Kg7 33. Be2
Bc6 34. Bd3 Bf3 35. Na4 Bd4 36. Nc3 a5 1/2-1/2

[Event "Chicago Open"]
[Site "Wheeling, IL"]
[Date "2012.05.26"]
[Round "4"]
[White "Mandizha, Farai"]
[Black "Cao, Kevin"]
[Result "1/2-1/2"]
[WhiteElo "2406"]
[BlackElo "2151"]
[PlyCount "45"]
[EventDate "2012.05.??"]
[EventType "swiss"]
[EventRounds "9"]
[EventCountry "USA"]
[Source "MonRoi"]

1. e4 e5 2. Nf3 Nc6 3. Bc4 Bc5 4. O-O Nf6 5. b4 Bxb4 6. c3 Be7 7. d4 d6 8. Ng5
O-O 9. f4 exd4 10. cxd4 h6 11. Nxf7 Rxf7 12. Bxf7+ Kxf7 13. Nc3 d5 14. e5 Bg4
15. Qd3 Ne4 16. f5 Nb4 17. Qe3 Bg5 18. Rf4 Bxf4 19. Qxf4 Qg5 20. Nxe4 Qxf4 21.
Bxf4 dxe4 22. Rf1 Bxf5 23. Bd2 1/2-1/2

[Event "Chicago Open"]
[Site "Wheeling, IL"]
[Date "2012.05.26"]
[Round "5"]
[White "Yang, Darwin"]
[Black "Gelashvili, Tamaz"]
[Result "0-1"]
[WhiteElo "2476"]
[BlackElo "2600"]
[PlyCount "112"]
[EventDate "2012.05.??"]
[EventType "swiss"]
[EventRounds "9"]
[EventCountry "USA"]
[Source "MonRoi"]

1. d4 Nf6 2. c4 e6 3. Nc3 Bb4 4. e3 O-O 5. Nge2 Re8 6. a3 Bf8 7. d5 d6 8. g3
exd5 9. cxd5 c5 10. Bg2 Nbd7 11. O-O a6 12. a4 Qc7 13. Qc2 Rb8 14. a5 b5 15.
axb6 Qxb6 16. Ra3 Ne5 17. b3 g6 18. h3 Bg7 19. Bd2 Qb4 20. Nb1 Qb5 21. Nbc3 Qd3
22. Qd1 Qf5 23. f4 Nd3 24. e4 Qh5 25. g4 Nxg4 26. hxg4 Bxg4 27. Be3 Bxc3 28.
Qxd3 Bxe2 29. Qxc3 Bxf1 30. Kxf1 Rb4 31. Rxa6 Qd1+ 32. Kf2 Rxb3 33. Ra1 Qxd5
34. exd5 Rxc3 35. Re1 f5 36. Bf1 Kf7 37. Bb5 Re7 38. Bd2 Rxe1 39. Bxc3 Re4 40.
Kf3 Ke7 41. Bc6 h6 42. Bg7 g5 43. Bxh6 Rxf4+ 44. Ke3 Re4+ 45. Kf3 g4+ 46. Kg3
c4 47. Bg5+ Kf7 48. Bb5 Kg6 49. Bf4 c3 50. Bd3 Rd4 51. Bc2 Rxd5 52. Kf2 Kf6 53.
Ke2 Rd4 54. Ke3 Rd2 55. Bd3 d5 56. Kd4 Rf2 0-1

[Event "Chicago Open"]
[Site "Wheeling, IL"]
[Date "2012.05.26"]
[Round "5"]
[White "Mandizha, Farai"]
[Black "Holt, Conrad"]
[Result "1/2-1/2"]
[WhiteElo "2406"]
[BlackElo "2515"]
[PlyCount "240"]
[EventDate "2012.05.??"]
[EventType "swiss"]
[EventRounds "9"]
[EventCountry "USA"]
[Source "MonRoi"]

1. c4 c6 2. Nc3 d5 3. d4 dxc4 4. Nf3 Nf6 5. a4 Bf5 6. Nh4 Bg4 7. g3 e6 8. Bg2
Be7 9. O-O Nfd7 10. Nf3 a5 11. Bf4 O-O 12. Rc1 Na6 13. Nb1 Bxf3 14. Bxf3 Bf6
15. Na3 Nb6 16. Nxc4 Nxc4 17. Rxc4 Qb6 18. e3 Qxb2 19. Be4 Rfd8 20. Qh5 h6 21.
Qxa5 g5 22. Be5 b6 23. Qe1 Bxe5 24. dxe5 Nc5 25. Bxc6 Nd3 26. Qb1 Qxb1 27. Rxb1
Nxe5 28. Bxa8 Nxc4 29. Bg2 Rd2 30. Bf1 Nb2 31. Bb5 Kf8 32. Kf1 Ke7 33. Ke1 Rc2
34. Ra1 Kd6 35. a5 bxa5 36. Rxa5 g4 37. Be2 f5 38. Ra8 Ke5 39. Rh8 Nc4 40. Bxc4
Rxc4 41. Kf1 Ke4 42. Kg2 Rc2 43. Rxh6 Ke5 44. h3 gxh3+ 45. Rxh3 Rb2 46. Rh4 Ra2
47. Rf4 Ra8 48. Kf3 Rb8 49. Ra4 Rc8 50. g4 Rg8 51. Kg3 fxg4 52. Rxg4 Rb8 53.
Ra4 Rg8+ 54. Kf3 Rf8+ 55. Ke2 Rb8 56. Ra5+ Kf6 57. Kf3 Rb2 58. Kg3 Rc2 59. e4
Re2 60. f3 Rb2 61. Kg4 Rb4 62. Kf4 Rc4 63. Rh5 Ra4 64. Rh6+ Kf7 65. Kg3 Ra5 66.
f4 Ra1 67. Kf3 Ra3+ 68. Kg4 Ra1 69. Rh3 Ra4 70. Re3 Kg6 71. Kf3 Ra1 72. Rc3
Rf1+ 73. Ke3 Re1+ 74. Kd4 Kf6 75. Rc6 Rd1+ 76. Ke3 Kf7 77. Rc7+ Kg6 78. Rb7 Rd6
79. Rb8 Rd1 80. Rb4 Kf6 81. Ke2 Ra1 82. Rb6 Ra4 83. Kf3 Kf7 84. e5 Ra1 85. Rb7+
Kf8 86. Ke3 Ra4 87. Rd7 Ra1 88. Kf3 Rf1+ 89. Kg3 Rg1+ 90. Kh4 Ke8 91. Ra7 Kf8
92. Rb7 Ke8 93. Rb3 Kf7 94. Rg3 Rh1+ 95. Kg4 Rb1 96. Rg2 Ra1 97. Rb2 Rg1+ 98.
Kf3 Rf1+ 99. Ke3 Re1+ 100. Kd4 Kg6 101. Rb8 Rd1+ 102. Ke4 Re1+ 103. Kf3 Kf7
104. Rb7+ Kf8 105. Rb3 Kf7 106. Re3 Ra1 107. Re2 Kg6 108. Rg2+ Kf7 109. Rb2 Rc1
110. Rb4 Ra1 111. Ke3 Re1+ 112. Kd4 Rd1+ 113. Kc5 Kg6 114. Rb7 Kf5 115. Rf7+
Ke4 116. Rf6 Rd2 117. Kc6 Rd1 118. Kc7 Rd2 119. Rf7 Rd1 120. Rd7 Ra1 1/2-1/2

[Event "Chicago Open"]
[Site "Wheeling, IL"]
[Date "2012.05.27"]
[Round "6"]
[White "Akobian, Varuzhan"]
[Black "Mandizha, Farai"]
[Result "1-0"]
[WhiteElo "2625"]
[BlackElo "2406"]
[PlyCount "74"]
[EventDate "2012.05.??"]
[EventType "swiss"]
[EventRounds "9"]
[EventCountry "USA"]
[Source "MonRoi"]

1. d4 e6 2. c4 f5 3. Nf3 Nf6 4. g3 c6 5. Bg2 d5 6. O-O Bd6 7. Ne5 O-O 8. Nd2
Nbd7 9. Ndf3 Ne4 10. Bf4 Ndf6 11. c5 Be7 12. b4 Qe8 13. a4 a5 14. b5 cxb5 15.
axb5 Qxb5 16. Qc2 Ra6 17. Rfb1 Qe8 18. Ne1 Nd7 19. Nxd7 Qxd7 20. Nd3 Bf6 21. e3
g5 22. Be5 Bd8 23. f3 Nf6 24. Bf1 Qe8 25. Bd6 Be7 26. Ne5 Ra8 27. Rb6 Qd8 28.
Bb5 g4 29. fxg4 Nxg4 30. Nxg4 fxg4 31. Bf4 Rf7 32. Qe2 Rg7 33. Qd2 h5 34. Rxa5
Rxa5 35. Qxa5 Bd7 36. Qa4 Bxb5 37. Qxb5 Bg5 1-0

[Event "Chicago Open"]
[Site "Wheeling, IL"]
[Date "2012.05.27"]
[Round "6"]
[White "Zin, Aung"]
[Black "Sarkar, Justin"]
[Result "0-1"]
[WhiteElo "2299"]
[BlackElo "2411"]
[PlyCount "110"]
[EventDate "2012.05.??"]
[EventType "swiss"]
[EventRounds "9"]
[EventCountry "USA"]
[Source "MonRoi"]

1. e4 c5 2. Nf3 d6 3. Bb5+ Nd7 4. c3 Ngf6 5. Qe2 a6 6. Ba4 c4 7. Bc2 Qc7 8. b3
b5 9. a4 Bb7 10. bxc4 bxc4 11. Na3 Rc8 12. O-O e6 13. Rb1 d5 14. e5 Ne4 15. Nd4
Nxe5 16. f4 Nd3 17. Bxd3 cxd3 18. Qxd3 Bc5 19. Nac2 O-O 20. Ba3 Rfe8 21. Bb4 f6
22. Bxc5 Nxc5 23. Qh3 e5 24. fxe5 fxe5 25. Nf5 Ne4 26. Qg4 Kh8 27. Qxg7+ Qxg7
28. Nxg7 Re7 29. Nf5 Rd7 30. Rfe1 Nxd2 31. Rbd1 Nc4 32. Nce3 Nb2 33. Rd2 Nxa4
34. Ng4 Nxc3 35. Nxe5 Rdc7 36. Nd6 Ne4 37. Nef7+ Kg7 38. Rb2 Rc1 39. Rb1 Rxe1+
40. Rxe1 Rc3 41. h3 Bc6 42. Ra1 d4 43. Nxe4 Bxe4 44. Nd6 Bg6 45. Rxa6 d3 46.
Kf2 Rc1 47. Ke3 Re1+ 48. Kd2 Re2+ 49. Kd1 Rxg2 50. Nc4 Bh5+ 51. Ke1 d2+ 52.
Nxd2 Re2+ 53. Kf1 Rxd2 54. Kg1 Bg6 55. Ra5 Kf6 0-1

[Event "Chicago Open"]
[Site "Wheeling, IL"]
[Date "2012.05.27"]
[Round "7"]
[White "Yang, Darwin"]
[Black "Shulman, Yury"]
[Result "1/2-1/2"]
[WhiteElo "2476"]
[BlackElo "2571"]
[PlyCount "163"]
[EventDate "2012.05.??"]
[EventType "swiss"]
[EventRounds "9"]
[EventCountry "USA"]
[Source "MonRoi"]

1. d4 Nf6 2. c4 e6 3. Nc3 Bb4 4. e3 O-O 5. Nge2 Re8 6. a3 Bf8 7. d5 d6 8. g3
exd5 9. cxd5 c5 10. dxc6 bxc6 11. Bg2 d5 12. O-O Nbd7 13. Nd4 Bb7 14. b4 Ne5
15. Rb1 Qd7 16. Qc2 Rac8 17. Rd1 Ba6 18. Na4 Bc4 19. Bb2 Ne4 20. Nf3 Nxf3+ 21.
Bxf3 Ng5 22. Bg2 Qg4 23. Rd4 Nf3+ 24. Bxf3 Qxf3 25. Rf4 Qh5 26. Rh4 Qg6 27.
Qxg6 hxg6 28. Rd4 Rb8 29. Rd2 a5 30. Bc3 axb4 31. axb4 Rb5 32. Rdb2 Bd3 33. Rc1
Ra8 34. Nc5 Bxc5 35. bxc5 Rxc5 36. Kg2 Be4+ 37. f3 Bd3 38. g4 g5 39. Kg3 Bb5
40. Bd2 Rxc1 41. Bxc1 f6 42. Bd2 Ra3 43. Kf2 Kf7 44. Bb4 Ra1 45. Rc2 Ke6 46.
Bc5 g6 47. Bd4 Ra4 48. h3 f5 49. Bb6 f4 50. Bd4 Ra3 51. Bc5 Rd3 52. exf4 gxf4
53. Re2+ Kd7 54. Re7+ Kd8 55. Rg7 Rd2+ 56. Ke1 Rc2 57. Bd6 Re2+ 58. Kd1 Re6 59.
Bxf4 Be2+ 60. Kd2 Bxf3 61. Be3 Ke8 62. Bc5 Be4 63. h4 Bf3 64. Rg8+ Kd7 65. Rg7+
Kc8 66. g5 Bg4 67. Re7 Rxe7 68. Bxe7 Kd7 69. Bc5 Ke6 70. Ke3 Ke5 71. Bb6 Bd1
72. Bc5 Kf5 73. Kd4 Kg4 74. Be7 Kxh4 75. Bf6 Kg4 76. Bd8 Kf4 77. Be7 Bg4 78.
Bd8 Bc8 79. Be7 Kf5 80. Bd8 Ke6 81. Bf6 Kd6 82. Be5+ 1/2-1/2

[Event "Chicago Open"]
[Site "Wheeling, IL"]
[Date "2012.05.28"]
[Round "8"]
[White "Ivanisevic, Ivan"]
[Black "Ludwig, Daniel"]
[Result "1/2-1/2"]
[WhiteElo "2655"]
[BlackElo "2456"]
[PlyCount "132"]
[EventDate "2012.05.??"]
[EventType "swiss"]
[EventRounds "9"]
[EventCountry "USA"]
[Source "MonRoi"]

1. d4 Nf6 2. Bg5 e6 3. Nd2 c5 4. e4 cxd4 5. e5 Qa5 6. Ngf3 Ne4 7. Bf4 Nc6 8.
Bd3 Nxd2 9. Bxd2 Bb4 10. a3 Bxd2+ 11. Qxd2 Qxd2+ 12. Kxd2 f6 13. Rae1 fxe5 14.
Nxe5 O-O 15. Rhf1 d6 16. Nc4 Rd8 17. b4 b5 18. Na5 Nxa5 19. bxa5 a6 20. f4 Kf7
21. g3 Bb7 22. Rb1 Bd5 23. Rb4 Rac8 24. Rxd4 Rc5 25. Re1 Bc4 26. Be4 Rd7 27.
Bf3 g6 28. Re3 Ke7 29. Bg4 Rdc7 30. c3 R7c6 31. h4 Bd5 32. Bd1 Kf6 33. g4 Rc4
34. Be2 Rxd4+ 35. cxd4 Rc7 36. Bd3 Rf7 37. Rg3 Kg7 38. f5 e5 39. dxe5 dxe5 40.
fxg6 hxg6 41. Re3 Re7 42. g5 Kf7 43. Re1 Re6 44. Rc1 e4 45. Rc7+ Kf8 46. Be2
e3+ 47. Ke1 Bc4 48. Bxc4 bxc4 49. Rxc4 Re5 50. Rc6 Re4 51. Rxg6 Rxh4 52. Rxa6
Ra4 53. Ra7 Rxa3 54. a6 Ra2 55. Ra8+ Kg7 56. a7 Kh7 57. Kf1 Rf2+ 58. Ke1 Ra2
59. Kd1 Rd2+ 60. Kc1 Ra2 61. Kb1 Ra5 62. Kc2 Ra2+ 63. Kd1 Rd2+ 64. Ke1 Ra2 65.
g6+ Kg7 66. Kd1 Rd2+ 1/2-1/2

[Event "Chicago Open"]
[Site "Wheeling, IL"]
[Date "2012.05.28"]
[Round "9"]
[White "Yang, Darwin"]
[Black "Perelshteyn, Eugene"]
[Result "1/2-1/2"]
[WhiteElo "2476"]
[BlackElo "2526"]
[PlyCount "51"]
[EventDate "2012.05.??"]
[EventType "swiss"]
[EventRounds "9"]
[EventCountry "USA"]
[Source "MonRoi"]

1. d4 Nf6 2. c4 e6 3. Nc3 Bb4 4. e3 O-O 5. Nge2 d5 6. a3 Be7 7. cxd5 exd5 8.
Nf4 c6 9. Bd3 Na6 10. O-O Nc7 11. b4 Ne6 12. Nfe2 a5 13. Rb1 axb4 14. axb4 b6
15. Bd2 g6 16. f3 c5 17. bxc5 bxc5 18. Na4 Ba6 19. Bxa6 Rxa6 20. Nxc5 Nxc5 21.
dxc5 Bxc5 22. Qc2 Qe7 23. Nd4 Bxd4 24. exd4 Kg7 25. Rfe1 Re6 26. Rxe6 1/2-1/2